LEADER 01188nam a2200253 u 4500 001 000000115524 003 CaOOAMICUS 005 20090505183616.0 008 090505s2009 it a u000 u ita r 040 $aPUL$bita$dLDB 245 00$aMedioevo centrale :$bfilosofia, scienze, letteratura. 260 $aMilano :$bFederico Motta ;$aRoma :$bGruppo editoriale l'Espresso,$cc2009. 300 $a671 p. :$bill. ;$c24 cm. 490 1 $aMedioevo ;$v05 500 $aEdizione speciale per Gruppo Editoriale l'Espresso. 650 4$aMedioevo$xCultura.$0(OLS)http://pul/subject/1289 700 1 $aEco, Umberto,$d1932-2016.$0(OLS)http://pul/name/11020 830 0$aMedioevo (Federico Motta ; L'Espresso) ;$v05.$0(OLS)http://pul/title/144320 850 $aPUL 852 $aPUL$W1$xSL Cons. Gen., Altre Classi 3$y75$m940. 1 ECOUM 1.5$j132334$qDDC 21$B131331$CPULBib$Z2$F131331 $H110216 $82 941 1 $a9 996 $6245$aMedioevo centrale :$bfilosofia, scienze, letteratura$9(OLS)http://pul/title/145153 996 $6260$aMilano :$bFederico Motta$9(OLS)http://pul/publisher/78214 996 $6260$aRoma :$bGruppo editoriale l'Espresso$9(OLS)http://pul/publisher/79104 LEADER 01386namaa2200337 i 4500 001 000000177878 003 CaOOAMICUS 005 20250618122438.0 008 250618s2025 it u001 u ita r 020 $a978-88-315-5629-3* 040 $aPUL$bita 082 04$a222.1 245 10$aGenesi /$cnuova versione, introduzione e commento di Gianantonio Borgonovo . 264 21$aMilano :$bPaoline,$c[2025] 300 $a1051 pagine ;$c24 cm 336 $atesto$btxt$2rdacontent 337 $asenza mediazione$bn$2rdamedia 338 $avolume$bnc$2rdacarrier 490 1 $aI libri biblici. Primo Testamento ;$v1 504 $aBibliografia: p. [845]-1013. 630 04$aBiblia.$pV.T.$pGenesis$xCommenti.$0(OLS)http://pul/subject/637 700 1 $aBorgonovo, Gianantonio,$d1955-,$ecommentatore di testo scritto.$0(OLS)http://pul/name/22725 830 2$aI libri biblici.$pPrimo Testamento ;$v1.$0(OLS)http://pul/title/66456 850 $aPUL 852 $aPUL$W1$xSL Religione 3$y85$m220. 7 COLL 1.1$j201803$qDDC 21$B206854$CPULBib$Z2$F206854 $H137960 $82 941 1 $a9 996 $6020$a978-88-315-5629-3*$9(OLS)http://pul/number/170452 996 $6082$a222.1$9(OLS)http://pul/classification/1818 996 $6245$aGenesi$9(OLS)http://pul/title/219434 996 $6264$aMilano :$bPaoline$9(OLS)http://pul/publisher/60808